00690cam a22001932 4500001001100000005001700011008004100028020001700069040001500086100003600101245013000137250001300267260004500280300001800325650005000343650006300393700003700456852000300493000001311920151217154416.0090610s xx 000 0 eng d a0582227127 : aKABUcKABU1 aMcEldowney, John F.@000017024310aEnvironment and the law :ban introduction for environmental scientist and lawyers /cJohn F. McEldowney, Sharron McEldowney. a1st ed. aHarlow, England :bPrentice Hall,c1996. a xxii, 327 p. 0aEnvironmental lawzGreat Britain.@0000170244 0aPollutionxLaw and legislationzGreat Britain.@00001702451 aMcEldowney, Sharron.@00001702461